00374nam a2200121Ia 4500003000400000005001700004008004100021040001800062041000800080100003700088245009400125260003300219OSt20260130151028.0211028s2018 xx 000 0 und d cAIMIT LIBRARY aeng aV P Athira; Harinakshi.g1616209 aStudy on effectiveness of employees training and development in operation CPS Bangalore / aMangalorebHarinakshi.c2018